| 000 | 00469nam a2200169 a 4500 | ||
|---|---|---|---|
| 005 | 20140412111426.0 | ||
| 008 | 090701s19uu xx 00 eng d | ||
| 020 | _a078680805-5 | ||
| 050 |
_aER _bBa11 2001 |
||
| 100 | _aClark, Julie Aigner | ||
| 245 |
_aBaby Einstein : _bVan Gogh's world of color / _cJulie Aigner Clark. |
||
| 260 |
_aNew York : _bBaby Einstein Company, _c2001. |
||
| 300 | _a1v. unp. | ||
| 650 | _aColors | ||
| 650 | _aPainting | ||
| 999 |
_c106246 _d106246 |
||